Pokémon - Les attaques de Blindépique - Statistiques

Statistiques générales
  • Ce quiz a été pris 28 fois
  • Le résultat moyen est 12 sur 20
Statistiques - réponses
Types Types Noms des coups % Correct
Départ Normal Charge
100%
Départ Niveau 5 Plante Fouet Lianes
92%
Départ Évolution Plante Pico-Défense
92%
Départ Normal Rugissement
92%
Niveau 29 Normal Bélier
77%
Départ Niveau 8 Roche Roulade
77%
Niveau 35 Plante Canon Graine
69%
Départ Niveau 72 Combat Marto-Poing
69%
Niveau 11 Ténèbres Morsure
69%
Niveau 15 Plante Vampigraine
69%
Niveau 66 Plante Martobois
62%
Départ Plante Poing Dard
62%
Niveau 78 Normal Giga Impact
54%
Niveau 19 Insecte Dard-Nuée
46%
Niveau 41 Sol Tir de Boue
46%
Niveau 48 Combat Gonflette
23%
Niveau 54 Normal Plaquage
23%
Départ Normal Ruse
15%
Niveau 60 Normal Balance
8%
Départ Normal Cognobidon
8%
Aucun quiz correspondant
Distribution des résultats
% des personnes avec chaque résultat
Percentile par nombre de réponses
Votre historique - résultats
Vous n’avez pas pris ce quiz